The National Volcano Early Warning System (NVEWS) /

Bibliographic Details
Corporate Author: Geological Survey (U.S.)
Other Authors: Ewert, John W.
Format: Government Document eBook
Language:English
Published: [Reston, Va.] : U.S. Dept. of the Interior, U.S. Geological Survey, [2006]
Series:Fact sheet (Geological Survey (U.S.)) ; 2006-3142.
Subjects:
Online Access:http://pubs.usgs.gov/fs/2006/3142/
https://purl.fdlp.gov/GPO/LPS98391

MARC

Tag First Indicator Second Indicator Subfields
LEADER 00000cam a2200000Ia 4500
001 in00002416721
005 20220105185245.0
006 m d f
007 cr mn|||||||||
008 061227s2006 vauab s f000 0 eng d
035 |a (OCoLC)ocm77481782 
040 |a GIS  |c GIS  |d GPO  |d MvI  |d UtOrBLW 
043 |a n-us--- 
049 |a WWW 
074 |a 0621-L (online) 
086 0 |a I 19.127:2006-3142 
245 0 4 |a The National Volcano Early Warning System (NVEWS) /  |c [John Ewert and others]. 
264 1 |a [Reston, Va.] :  |b U.S. Dept. of the Interior, U.S. Geological Survey,  |c [2006] 
300 |a 2 unnumbered pages :  |b digital, PDF file. 
336 |a text  |b txt  |2 rdacontent 
337 |a computer  |b c  |2 rdamedia 
338 |a online resource  |b cr  |2 rdacarrier 
490 1 |a Fact sheet ;  |v 2006-3142 
538 |a Mode of access: Internet from the USGS web site. Address as of 7/25/08: http://pubs.usgs.gov/fs/2006/3142/2006-3142.pdf ; current access available via PURL. 
500 |a Title from PDF title screen (viewed on July 25, 2008). 
500 |a "December 2006." 
500 |a Electronic resource. 
650 0 |a Volcanic hazard analysis  |z United States. 
650 0 |a Natural disaster warning systems  |z United States. 
700 1 |a Ewert, John W. 
710 2 |a Geological Survey (U.S.) 
830 0 |a Fact sheet (Geological Survey (U.S.)) ;  |v 2006-3142. 
856 4 0 |u http://pubs.usgs.gov/fs/2006/3142/  |t 0 
856 4 0 |u https://purl.fdlp.gov/GPO/LPS98391  |t 0 
999 |a MARS 
999 f f |s 247cf406-4324-3ffe-b48e-f8f07e9f070f  |i fd23be6e-503a-3c7b-afbf-224a10905dd4  |t 0 
952 f f |a Texas A&M University  |b College Station  |c Electronic Resources  |d Available Online  |t 0  |e I 19.127:2006-3142  |h Superintendent of Documents classification 
998 f f |a I 19.127:2006-3142  |t 0  |l Available Online